|
|
|
|
| LEADER |
00000nam0a2200000 4500 |
| 001 |
219847 |
| 005 |
20231101230305.0 |
| 010 |
|
|
|a 9785778218925
|
| 035 |
|
|
|a (RuTPU)RU\TPU\book\239946
|
| 090 |
|
|
|a 219847
|
| 100 |
|
|
|a 20120724d2012 m y0rusy50 ca
|
| 101 |
0 |
|
|a rus
|
| 102 |
|
|
|a RU
|
| 105 |
|
|
|a a j 001zy
|
| 200 |
1 |
|
|a Современная технологическая оснастка
|e учебное пособие
|f Х. М. Рахимянов [и др.]
|
| 210 |
|
|
|a Новосибирск
|c Изд-во НГТУ
|d 2012
|
| 215 |
|
|
|a 268 с.
|c ил.
|
| 225 |
1 |
|
|a Учебники НГТУ
|
| 320 |
|
|
|a Библиогр.: с. 266-267.
|
| 330 |
|
|
|a Общеизвестные положения по проектированию и расчетам станочной оснастки излагаются кратко. Основное внимание уделяется переналаживаемой оснастке и ее применению для станков с ЧПУ. Дается описание конструкций систем УСП, УСПО, СРП, СРП-ЧПУ и т.п. Материал пособия ориентирован на серийное производство. В пособии предлагается информация по современным отечественным и зарубежным фирмам, производящим технологическую оснастку.
|
| 606 |
1 |
|
|a Станочная оснастка
|2 stltpush
|3 (RuTPU)RU\TPU\subj\67788
|9 83454
|
| 610 |
1 |
|
|a технологическая оснастка
|
| 610 |
1 |
|
|a приспособления
|
| 610 |
1 |
|
|a назначение
|
| 610 |
1 |
|
|a классификация
|
| 610 |
1 |
|
|a заготовки
|
| 610 |
1 |
|
|a установка
|
| 610 |
1 |
|
|a базирование
|
| 610 |
1 |
|
|a закрепление
|
| 610 |
1 |
|
|a универсальная безналадочная оснастка
|
| 610 |
1 |
|
|a переналаживаемая оснастка
|
| 610 |
1 |
|
|a станки с ЧПУ
|
| 610 |
1 |
|
|a быстродействующая оснастка
|
| 610 |
1 |
|
|a станочные приспособления
|
| 610 |
1 |
|
|a проектирование
|
| 610 |
1 |
|
|a контрольные приспособления
|
| 610 |
1 |
|
|a расчеты
|
| 610 |
1 |
|
|a учебные пособия
|
| 675 |
|
|
|a 621.9.06-229(075.8)
|v 3
|
| 701 |
|
1 |
|a Рахимянов
|b Х. М.
|g Харис Магсуманович
|
| 701 |
|
1 |
|a Красильников
|b Б. А.
|g Борис Александрович
|
| 701 |
|
1 |
|a Мартынов
|b Э. З.
|g Эдуард Захарович
|
| 701 |
|
1 |
|a Ямпольский
|b В. В.
|g Василий Васильевич
|
| 801 |
|
1 |
|a RU
|b 63413507
|c 20120724
|
| 801 |
|
2 |
|a RU
|b 63413507
|c 20150618
|g RCR
|
| 900 |
|
|
|a Технологическая оснастка
|
| 942 |
|
|
|c BK
|
| 959 |
|
|
|a 108/20120724
|d 5
|e 500,00
|f ЧЗТЛ:1
|f АНЛ:1
|f УФ:3
|